| 000 | 00516ntaaa2200193 4500 | ||
|---|---|---|---|
| 003 | 01 | ||
| 005 | 20251027202152.0 | ||
| 008 | 0714s1973 ag 01 | ||
| 040 |
_aAR-BaBN _bspa _cAR-BaBN _eaacr _dRIC |
||
| 082 | _a266.6182 M76m | ||
| 100 |
_aMontes de Oca, Alba _920194 |
||
| 245 | _aMi Dios y mis tobas | ||
| 250 | _a1 ed. | ||
| 260 |
_aBuenos Aires : _bJunta Bautista de Publicaciones, _c1976 |
||
| 300 | _a175 p | ||
| 650 |
_amisiones-bautista-Argentina _920195 |
||
| 650 |
_aTobas-misiones _920196 |
||
| 942 | _cBK | ||
| 999 |
_c16666 _d16666 |
||